000 01428nam a22004097a 4500
003 CHAP
005 20220329141051.0
008 971013s1996 r 10010 d
010 _a62123
011 _a63095
035 _a67271
040 _cCHAP
082 _a507.2063
_bR4 1996
111 0 0 _aReunión de Investigación y Desarrollo Tecnológico en Nayarit (
_n1
_d: 1996
_c: Tepic, Nay.)
_996317
245 _aMemoria
260 _aTepic, Nay. :
_bGobierno del Estado de Nayarit,
_c1996
300 _a229 p.
590 _aBATCH-UPD
_b10
_c20130110
_lUCH01
_h0142
590 _aBATCH-UPD
_b10
_c20130110
_lUCH01
_h0740
590 _aBATCH-UPD
_b10
_c20130409
_lUCH01
_h2141
590 _aBATCH-UPD
_b10
_c20130410
_lUCH01
_h0910
590 _aBATCH-UPD
_b10
_c20130914
_lUCH01
_h0145
590 _aCONVERSION
_b10
_c20130109
_lUCH01
_h1333
650 1 4 _aAgricultura
_xNayarit.
_91748
650 1 4 _aAlimentos
_xTecnologia
_xCongresos.
_94286
650 1 4 _aCultivos
_xNayarit.
_930300
650 1 4 _aGanadería
_xCongresos.
_944677
650 1 4 _aHorticultura
_xCongresos.
_956318
650 1 4 _aInvestigación
_xCongresos.
_960228
650 1 4 _aInvestigación
_xNayarit.
_960242
650 1 4 _aParasitología
_xCongresos.
_985470
650 1 4 _aRecursos naturales
_xCongresos.
_995219
650 1 4 _aTecnología
_xCongresos.
_9111941
901 _aBK
942 _cLIBRO
949 _a507.2063 R4 1996
_bBC
_cCONG
_d-152489
_eCONG
_h91677
_i67271
_si
999 _c62123
_d62123